A leiteira de Montfermeil / (Record no. 156644)

MARC details
000 -LEADER
campo de control de longitud fija 00755nam a22002055i 4500
001 - NÚMERO DE CONTROL
campo de control 156644
003 - IDENTIFICADOR DE NÚMERO DE CONTROL
campo de control ES-MaACL
005 - FECHA Y HORA DE LA ÚLTIMA TRANSACCIÓN
campo de control 20230906210450.0
008 - DATOS DE LONGITUD FIJA--INFORMACIÓN GENERAL
campo de control de longitud fija 040803s1843 po |||| | prt d
040 ## - FUENTE DE CATALOGACIÓN
Centro catalogador/agencia de origen CAM
Lengua de catalogación spa
Centro/agencia transcriptor CAM
100 1# - ENTRADA PRINCIPAL--NOMBRE DE PERSONA
Nombre de persona Kock, Paul de (
Fechas asociadas al nombre 1793-1871)
9 (RLIN) 152765
245 12 - MENCIÓN DEL TÍTULO
Título A leiteira de Montfermeil /
Mención de responsabilidad, etc. [Paulo de Kock ; traducção de Nery].
260 ## - PUBLICACIÓN, DISTRIBUCIÓN, ETC.
Lugar de publicación, distribución, etc. Lisboa :
Nombre del editor, distribuidor, etc. [s.n.],
Fecha de publicación, distribución, etc. 1843 (
Fabricante Typographia Neryana)
300 ## - DESCRIPCIÓN FÍSICA
Extensión 2 v. (238, [2] ; 252, [2] p.) ;
Dimensiones 15 cm.
490 1# - MENCIÓN DE SERIE
Mención de serie Romances de Paulo de Kock
594 ## - Nota al título y mención de responsabilidad
Nota al título y mención de responsabilidad Datos de autor y trad. constan en antep.
830 0# - PUNTO DE ACCESO ADICIONAL DE SERIE-TÍTULO UNIFORME
Título uniforme Romances de Paulo de Kock
9 (RLIN) 221700
852 ## - LOCALIZACIÓN
Ubicación ES-MaACL
Número de control de estantería D-3866
Nota libre -- Enc. piel
-- -- Legado de Modesto de la Fuente
-- -- Enc. 2 t. en 1 v.
Holdings
Estatus retirado Estado de pérdida Estado de daño No para préstamo Colección Biblioteca de origen Biblioteca actual Ubicación en estantería Fecha de adquisición Fuente de adquisición Total de préstamos Signatura topográfica completa Código de barras Visto por última vez Precio de reemplazo Tipo de ítem Koha
        Libros del s. XIX Biblioteca del Ateneo de Madrid Biblioteca del Ateneo de Madrid Sala Valle Inclán 17/01/2008     D-3866 901163887 23/02/2023 23/02/2023 Libro impreso antiguo